| 000 | 00822nam a2200313 a 4500 | ||
|---|---|---|---|
| 003 | AR-BaBNM | ||
| 005 | 20251128203930.0 | ||
| 008 | 082120s2002 ||||||||||||||000 | spa|| | ||
| 020 | _a950-843-106-7 | ||
| 040 | _cAR-BaBNM | ||
| 100 | 1 | _aPatiño de Monteros, Elda | |
| 245 | 0 | 0 | _aChimiliscos |
| 260 |
_aBuenos Aires _bVinciguerra _c1995 |
||
| 300 |
_a69 p. _bil. |
||
| 490 | 0 | _aLos autores del grupo literario Encuentro | |
| 500 | _aIlustró María Natalia Monteros | ||
| 600 | 1 | 4 | _aAgüero, Antonio Esteban |
| 650 | 4 | _aPOESIA | |
| 650 | 4 | _aLIBROS PARA NIÑOS | |
| 650 | 4 | _aINFANCIA | |
| 650 | 4 | _aINTEGRACION ESCOLAR | |
| 650 | 4 | _aPATRIOTISMO | |
| 650 | 4 | _aVACACIONES | |
| 650 | 4 | _aCALENDARIOS ESCOLARES | |
| 653 | _aJARDINES DE INFANTES | ||
| 655 | _aLITERATURA | ||
| 942 | _cBK | ||
| 998 | _cCarmen | ||
| 999 |
_c5518 _d5518 |
||